Započítateľný zárobok Určenie započítateľného zárobku pre výpočet dávok nemocenského poistenia nahrádzajúcich mzdu

Bibliographic Details
Main Author: Trutzová, Elena (Author)
Format: Article
Language:Slovak
Subjects:

MARC

LEADER 00000nab a2200000 a 4500
001 vtls000470459
003 SK-MaSNL
005 20260303120010.0
008 120926c1992 xo 0 slo
015 |a SNBRB19rr/mm-uuuuu 
035 |a CL0470592 
040 |a SNKBUCL  |b slo  |c SNKBUCL  |e AACR2 
041 0 |a slo 
044 |a xo  |c SK 
080 |a 368.025.1  |2 1981 
100 1 |a Trutzová, Elena  |4 aut  |9 297136 
245 1 0 |a Započítateľný zárobok  |b Určenie započítateľného zárobku pre výpočet dávok nemocenského poistenia nahrádzajúcich mzdu  |c Elena Trutzová 
650 0 7 |a nemocenské poistenie  |2 snkbucl  |9 67734 
650 0 7 |a mzda náhradná  |2 snkbucl  |9 1132126 
655 7 |a články z novín a časopisov  |2 snkbucl  |9 267496 
773 0 |t Národné poistenie  |g Roč. 24, č. 12 (1992), s. 4-5 
850 |a Slovenská národná knižnica v Martine  |a MTA001 
852 |a SNK  |b KIS3GCP 
958 |a RK 
992 |a RBX 
999 |c 1906953  |d 1908883